00962 2200337 4500001002100000005001500021035002500036008000400061020001800065082001000083084002000093100001200113245011100125250001100236260003700247300004100284500002500325650003500350850001200385999002100397090002000418990002100438990002100459990002000480990002000500990002100520990002100541990002000562990002100582990002100603YOGYA-0209000005481620200218084514 a0010-020900000054816ind a979-97525-0-7 a929.7 aDEP 929.7 Pur P aPURWADI aPerjuangan kraton Yogyakarta :b: Jasa Sri Sultan Hamengkubuwono I-X dalam memakmurkan rakyat /c/ Purwadi aCet. 1 aCilegon :bKrakatau Press,c2003 axiv, 272 hlm. :b: ilus. ;c; 21 cm. aTermasuk bibliografi aRaja--vBiografizYogyakarta-- aBPADDIY aCB-D.11/2003-005 aYOG 929.7 PUR p aCB-D.11/2003-005 aCB-D.11/2003-006 a66124-PD/A.2020 a66124-PD/A.2020 aCB-D.11/2003-005 aCB-D.11/2003-006 a66124-PD/A.2020 aCB-D.11/2003-005 aCB-D.11/2003-006